MDQL
is popping MORE tags! Check the
thread
!
Quizzes
Events
Quiz Creation
Community
Videos
Private Events
Remove Ads
Sign In
Join for FREE
Feedback
Dark Mode
Quiz Categories
Sports
Geography
Music
Movies
Television
Just For Fun
Miscellaneous
History
Literature
Language
Science
Gaming
Entertainment
Religion
Holiday
For Kids
Quiz Lab
Recent
Popular Today
Quiz Kudos Today
Editor Picks
Curator Picks
Quizzes by...
Day
Popularity
Type
Ratings
Length
Year
Community
Subscriptions
Recent Discussions
Orange Saloon
Badges
Playlists
Quests
Create
Leaderboards
Showdown
Live 5
Trivia Bingo
Activity
Puzzle Library
Sporcle Events
Private Events
Virtual Trivia
Globe League
Become a Host
Pub Owners
SporcleCon
Opinionation
Our Games
Videos
Blog
Mobile Apps
Partnerships
Remove Ads and Go Orange
Feedback
Music
Pop Music
The Beatles
Song
Album
Lyrics
Bands
Singers
Artist
Clip
Rock
Rap
Classical
Billboard
Country Music
Kpop
Taylor Swift
Music
Pop Music
The Beatles
Song
Album
Lyrics
Bands
Singers
Artist
Clip
Rock
Rap
Classical
Billboard
Country Music
Kpop
Taylor Swift
Random Quiz
Search Sporcle
×
Quiz Lab
Quiz Lab
Music
Album
Type in answers that appear in a list
Type in answers that appear in a list
Classic
Best Score? Go Orange.
Beyoncé's Number One Dance Songs Stats
Can you name all twenty-two of Beyoncé's number one hits on the Hot Dance/Club Songs chart?
By
magicalkidd
6m
22 Questions
177 Plays
177 Plays
177 Plays
Comments
Comments
Give Quiz Kudos
Give Quiz Kudos
-
- Ratings
hide this ad
Wrong Answers
Some wrong answers will appear in red
Some wrong answers will appear in red
Replay
Link that replays current quiz
Next Quiz
Link to next quiz in quiz playlist
You Got
0%
They Got
Avg Score
69%
Avg Friend Score
Upgrade to see
Score Distribution
Jump to the score distribution portion of the page
Score
0/22
Timer
06:00
0
Plays Today
Year
Song
% Correct
2003
???
97.2%
2009
???
94.4%
2010
???
83.6%
2009
???
79.7%
2009
???
79.7%
2011
???
79.1%
2012
???
78.5%
2006
???
78%
2009
???
77.4%
2004
???
74%
2007
???
73.4%
Year
Song
% Correct
2010
???
73.4%
2011
???
72.3%
2006
???
71.2%
2014
???
67.4%
2006
???
66.7%
2007
???
62.1%
2011
???
61.6%
2015
???
54.5%
2014
???
54.3%
2014
???
52.4%
2010
???
39%
Quiz Playlist
Details
Report
Send in Message
Add To Playlist
Classic:
Type in answers that appear in a list
Wrong Answers:
Some wrong answers will appear in red
Quiz Source
Last Updated: Jul 8, 2021
Quiz Scoreboard
CHALLENGE
Sign Up to Join the Scoreboard
Show All
Scores
Hide
Comments
May contain spoilers
Recently Published
5x2 Blitz: Bands
by SL_Kpop136
Music
30s
Colored Red Africa Blitz
by spor1
Geography
30s
Find the 'City' Movie
by crazypaving
Movies
60s
More to Explore
Quiz From the Vault
Featured Blog Post
14 Easter Pick-up Lines to Find Eggs With
hide this ad
You Might Also Like...
Tags
Album Quiz
Song Quiz
Beyonce
chart
club
dance
hit
hot
Today's Top Quizzes in Music
Browse Music
hide this ad
Today's Top Quizzes in Album
Browse Album
Top Contributed Quizzes in Music
1
5X2 Blitz: Bands II
2
5X2 Blitz: The Beatles
3
Taylor Swift All Songs (2024)
4
5X2 Blitz: Billboard
5
Taylor Swift Logic Puzzle II
6
5X2 Blitz: Billboard II
7
Taylor Swift Logic Puzzle
8
5X2 Blitz: Rock
9
5X2 Blitz: Singers
10
5X2 Blitz: Album
Explore More
Trending Topics
Harry Potter
Crossword
Marvel
Anime
Disney
NBA
Kpop
The Office
Country
Soccer
Song
NFL
Pokémon
Puzzle
WWE
hide this ad
More By:
magicalkidd
Quiz
Plays
Rating
Category
Featured
Created
Michael Jackson Opening Lyrics
3,261
4.73
Music
Jan 15, 2011
EastEnders - 30 Years of Cliffhangers
1,755
5.00
Television
Mar 28, 2018
All-Time Billboard 200
1,713
3.94
Music
Nov 12, 2015
Beyoncé Live!
1,647
5.00
Music
Sep 15, 2013
Madonna Live!
1,515
5.00
Music
Jan 24, 2013
Go to Creator's Profile
Score Distribution
Quiz Creator Spotlight
magicalkidd
Follow
Send a Message
Quizzes Created
-
Created Quiz Play Count
-
More By This Creator
Popular Quizzes Today
1
Colored Red Africa Blitz
2
Find the 'City' Movie
3
Find the US States - No Outlines Minefield
4
5x2 Blitz: Bands
5
The Countries of the World
6
Find the US States
7
Find the Countries of Europe - No Outlines Minefield
8
US States
More Music Quizzes
Name BTS songs that start with a B
Quiz Lab
Trending Quizzes
Colored Red Europe Blitz I
Colored Red Europe Blitz II
Colored Red Africa Blitz II
Colored Red Europe Blitz III
Colored Red Africa Blitz III
Recently Updated
How Do You Spell That?
pecheneg
Godzilla Movies
pecheneg
Grab Bag: 4-10 Letters
pecheneg
2024 March Madness Bracket
pecheneg
Famous TV Couples
Peacemaker
Champions League XIs: Real Madrid
pecheneg
Largest US Cities 1790-2010
pecheneg
Rides in Walt Disney World
pecheneg
Most Oscar Losses (Acting)
pecheneg
Beyoncé Albums
pecheneg
Trending Topics
Anime
Crossword
Marvel
Kpop
Disney
Harry Potter
NBA
Song
Puzzle
Soccer
NFL
Pokémon
WWE
Country
The Office
Your Account Isn't Verified!
In order to create a playlist on Sporcle, you need to verify the email address you used during registration. Go to your
Sporcle Settings
to finish the process.
Report this User
Report this user for behavior that violates our
Community Guidelines
.
Details:
Send Report
Go to the Sporcle.com Mobile Site →
Comments